Implications of the global financial crisis for the quantity surveying profession (Record no. 83823)

MARC details
000 -LEADER
fixed length control field 01228cab a22001935a 4500
001 - CONTROL NUMBER
control field L155135
008 - FIXED-LENGTH DATA ELEMENTS--GENERAL INFORMATION
fixed length control field 120306s2012 xxk 000 0 eng d
035 ## - SYSTEM CONTROL NUMBER
System control number (Sirsi) u155135
041 0# - LANGUAGE CODE
Language code of text/sound track or separate title eng
100 1# - MAIN ENTRY--PERSONAL NAME
Personal name Frei, Marcel
245 00 - TITLE STATEMENT
Title Implications of the global financial crisis for the quantity surveying profession
260 ## - PUBLICATION, DISTRIBUTION, ETC.
Date of publication, distribution, etc. 2012
490 ## - SERIES STATEMENT
Series statement Project Control Professional
Volume/sequential designation 50(2) March 2012, 18-23(6)
520 ## - SUMMARY, ETC.
Summary, etc. Paper discusses the global financial crisis and its effect in the international construction market, Australia's response to the global financial crisis and the effect on the Australian construction industry; implications for the quantity surveying profession cover internationalisation, human resources, dispute resolution services, sustainability, construction business recovery, emphasis on cost bottom line. Key lessons and considerations for the quantity surveying profession are rethink internationalisation, industry and sector specialisations, service diversification, drive for innovation, focus on value rather than cost, international standards of best practice, and investment in human capital.
590 ## - LOCAL NOTE (RLIN)
Local note KA
651 #4 - SUBJECT ADDED ENTRY--GEOGRAPHIC NAME
Geographic name Australia
690 ## - LOCAL SUBJECT ADDED ENTRY--TOPICAL TERM (OCLC, RLIN)
Topical term or geographic name as entry element Quantity surveying
9 (RLIN) 6263
942 ## - ADDED ENTRY ELEMENTS (KOHA)
Suppress in OPAC 0
Holdings
Withdrawn status Lost status Source of classification or shelving scheme Damaged status Not for loan Home library Current library Shelving location Date acquired Total Checkouts Full call number Barcode Date last seen Copy number Price effective from Koha item type
    Dewey Decimal Classification     London London Journal article 06/03/2012   L155135 155135-1001 06/08/2019 1 06/08/2019 Journal article